000 00448nmm a2200157Ia 4500
008 251105s9999||||xx |||||||||||||||||und||
041 _aspa
100 _aVV. AA.
245 0 _aDe nombre y hueso :
_b Relatos oscuros trans
264 _a[Madrid, España] :
_bEditorial Egales,
_c2021
300 _a298 páginas
490 _aNarrativa
650 _aSpanish narrative
856 _uhttps://public.digitaliapublishing.com/a/133360
942 _cCF
999 _c100257
_d100257